| 000 | 00544nam a22001697a 4500 | ||
|---|---|---|---|
| 003 | SGT | ||
| 020 | _a9781259027604 | ||
| 082 | _a339.DOR | ||
| 100 | _aDORNBUSCH,RUDIGER | ||
| 245 | _aMACROECONOMICS | ||
| 250 | _a10TH | ||
| 260 |
_aNEW DELHI _bTMH _c2014 |
||
| 300 | _a628 | ||
| 650 | _aMACROECONOMICS & RELATED TOPICS | ||
| 653 | _a INTRODUCTION AND NATIONAL INCOME ACCOUNTING,GROWTH, AGGREGATE SUPPLY AND DEMAND, AND POLICY,FIRST MODELS,BEHAVIORAL FOUNDATIONS,BIG EVENTS INTERNATIONAL ADJUSTMENTS AND ADVANCED TOPICS | ||
| 942 |
_2ddc _cFCM _08 |
||
| 999 |
_c9015 _d9015 |
||